02299nam a2200325 a 450000100100000000500170001000800410002702000150006804000250008308200200010810000290012824501000015726000390025730000320029650000700032850000730039850400290047150506100050059000270111065000580113765000530119570000370124891000370128595201320132295201320145495201320158695201170171895201230183599900150195800000725620200929154118.0090907s1995 dr d r 001 0 spa d a8489539103 aDO-SdBNPbspacBNPHU a509.7293bM181c1 aMorrison, Ramón91744710aCiencia y tecnología en la historia dominicana /cRamón Morrison, Nicolás Madé Serrano. aSanto Domingo :bColorscan,c1995. a277 p. :bgráf. ;c23 cm. aIncluye Incluye datos biográficos de los autores en las solapas aIncluye referencias bibliográficas y notas al pie de las páginas aBibliografia: p. 261-2762 aVisión sistémica de la ciencia y la tecnología en la historia -- Ciencia y tecnología en España antes del encuentro de las dos culturas -- Cosmología y sistema tecnológico en la sociedad Taína -- Encuentro de las dos culturas predominantes -- Ciencia y tecnología desde los Jerónimos hasta la revolución de los precios -- España y las fronteras de la tecnología -- Giro en el Sistema Tecnológico -- España y las fronteras de la ciencia -- Los naturalistas y las universidades en la Isla Española -- Ciencia y tecnología en la culminación de los precedentes republicanos aInventariado, 2019/MFF 4aTecnologíazRepública DominicanaxHistoria920141 4aCienciazRepública DominicanaxHistoria9201421 aMadé Serrano, Nicolás911801 aValidado. Control de calidad MFF 001054708DSaGRbGRcHDd2009-09-07iLF1l0o509.7293 M181cp7256-30r2020-06-25te. 3w2020-06-25yLFDSZPréstamo en sala 001054708DSaGRbGRcHDd2009-09-07iLF1l0o509.7293 M181cp7256-40r2020-06-25te. 4w2020-06-25yLFDSZPréstamo en sala 001054708DSaGRbGRcHDd2009-09-07iLF1l0o509.7293 M181cp7256-50r2020-06-25te. 5w2020-06-25yLFDSZPréstamo en sala 0010718PDaPDbPDcHDd2009-09-07iLF1l0o509.7293 M181cp7256-10r2020-06-25w2020-06-25yLFPDZNo se presta 0010718PDaPDbPDcHDd2009-09-07iLF1l0o509.7293 M181cp7256-20r2020-06-25te. 2w2020-06-25yLFPDZNo se presta c7037d7037